| 000 | 00666nac a22001691u 4500 | ||
|---|---|---|---|
| 008 | 101025s xxu||||| |||| 00| 0 ara d | ||
| 020 | _a9770303070 | ||
| 082 |
_a246 _bع ل ى |
||
| 100 | 1 |
_aعلى ، عصام الدين محمد _920617 |
|
| 245 |
_aالمعتزلة: _bفرسان علم الكلام / _cعصام الدين محمد على |
||
| 260 |
_aالإسكندرية : _bمنشأة المعارف ، _c[د.ت]. |
||
| 300 |
_a572 ص ؛ _c24 سم. |
||
| 490 |
_920618 _aأصول الفلسفة الاسلامية |
||
| 504 | _aيشتمل على إرجاعات ببليوجرافية ص 567-569 | ||
| 511 | _aCatalogued by: Sara | ||
| 942 |
_cBB _k246 ع ل ى _2ddc |
||
| 999 |
_c7456 _d7456 |
||